[Event "26th Abu Dhabi Master 2019"]
[Site "Abu Dhabi"]
[Date "2019.08.03"]
[Round "2.16"]
[White "Sammed Jaykumar, Shete"]
[Black "Petrosyan, Manuel"]
[Result "0-1"]
[WhiteElo "2416"]
[BlackElo "2592"]
[Annotator "ChessBase"]
[PlyCount "134"]
[EventDate "2019.08.02"]
[EventType "swiss"]
[EventCountry "UAE"]
[SourceTitle "playchess.com"]
[Source "ChessBase"]
[SourceQuality "1"]
[TimeControl "5400+30"]

1. e4 {[%emt 0:00:00]} e5 {[%emt 0:01:21]} 2. Nf3 {[%emt 0:00:00]} Nc6 {[%emt 0:00:06]} 3. Bc4 Nf6 4. d3 Bc5 5. O-O d6 6. c3 O-O 7. h3 h6 8. Bb3 a5 9. a4 Re8 10. Na3 Be6 11. Nc4 d5 12. exd5 Bxd5 13. Re1 e4 14. dxe4 Bxc4 15. Bxc4 Qxd1 16. Rxd1 Nxe4 17. Rf1 Ne5 18. Nxe5 Rxe5 19. g4 g5 20. Kg2 Nd6 21. Bd3 Rae8 22. c4 Bd4 23. Rb1 Ne4 24. Bxe4 Rxe4 25. Bd2 Bb6 26. b3 Rd8 27. Rfe1 Rxe1 28. Bxe1 {[%emt 1:41:58]} c5 {[%emt 1:35:00]} 29. Rc1 {[%emt 0:01:00]} Bc7 {[%emt 0:00:28]} 30. Rc3 {[%emt 0:00:32]} Bf4 {[%emt 0:01:10]} 31. Kf1 {[%emt 0:00:29]} Bd2 {[%emt 0:03:22]} 32. Bxd2 {[%emt 0:01:26]} Rxd2 {[%emt 0:00:07]} 33. Kg2 {[%emt 0:00:06]} Kg7 {[%emt 0:00:44]} 34. Kg3 {[%emt 0:00:09]} f5 {[%emt 0:00:44]} 35. gxf5 {[%emt 0:00:47]} Kf6 {[%emt 0:00:54]} 36. f4 {[%emt 0:00:25]} Kxf5 {[%emt 0:00:21]} 37. fxg5 {[%emt 0:00:06]} Kxg5 {[%emt 0:00:06]} 38. Rf3 {[%emt 0:00:16]} Rd4 {[%emt 0:00:58]} 39. Re3 {[%emt 0:00:40]} Kf5 {[%emt 0:01:02]} 40. Kf3 {[%emt 0:01:23]} h5 {[%emt 0:00:53]} 41. Kg3 {[%emt 0:00:25]} h4+ {[%emt 0:00:22]} 42. Kf3 {[%emt 0:00:16]} Rd2 {[%emt 0:00:20]} 43. Re7 {[%emt 0:00:54]} Rd3+ {[%emt 0:01:54]} 44. Re3 {[%emt 0:00:17]} Rxe3+ {[%emt 0:00:40]} 45. Kxe3 {[%emt 0:00:04]} Ke5 {[%emt 0:00:02]} 46. Kf3 {[%emt 0:00:13]} Kd4 {[%emt 0:00:17]} 47. Kg4 {[%emt 0:00:13]} Kc3 {[%emt 0:00:05]} 48. Kxh4 {[%emt 0:00:03]} Kxb3 {[%emt 0:00:11]} 49. Kg5 {[%emt 0:02:03]} Kxc4 {[%emt 0:00:05]} 50. h4 {[%emt 0:00:03]} Kb3 {[%emt 0:00:30]} 51. h5 {[%emt 0:00:50]} c4 {[%emt 0:00:04]} 52. h6 {[%emt 0:00:05]} c3 {[%emt 0:00:03]} 53. h7 {[%emt 0:00:03]} c2 {[%emt 0:00:05]} 54. h8=Q {[%emt 0:00:06]} c1=Q+ {[%emt 0:00:05]} 55. Kf5 {[%emt 0:00:31]} Qc5+ {[%emt 0:00:19]} 56. Ke4 {[%emt 0:00:53]} Qc4+ {[%emt 0:00:06]} 57. Kf5 {[%emt 0:00:03]} Kxa4 {[%emt 0:00:24]} 58. Qa1+ {[%emt 0:00:31]} Kb5 {[%emt 0:00:04]} 59. Ke5 {[%emt 0:00:05]} a4 {[%emt 0:00:45]} 60. Qb2+ {[%emt 0:00:16]} Ka6 {[%emt 0:00:29]} 61. Qa3 {[%emt 0:00:26]} b6 {[%emt 0:00:33]} 62. Qa1 {[%emt 0:00:13]} Ka5 {[%emt 0:00:33]} 63. Kf5 {[%emt 0:00:20]} Qd3+ {[%emt 0:00:26]} 64. Kf4 {[%emt 0:00:14]} a3 {[%emt 0:00:13]} 65. Qe1+ {[%emt 0:02:03]} Ka4 {[%emt 0:00:07]} 66. Qe8+ {[%emt 0:00:13]} b5 {[%emt 0:00:09]} 67. Kg5 {[%emt 0:00:15]} Qd5+ {[%emt 0:00:24]} 0-1

[Event "26th Abu Dhabi Master 2019"]
[Site "Abu Dhabi"]
[Date "2019.08.03"]
[Round "2.17"]
[White "Vaishali R"]
[Black "Santos Latasa, Jaime"]
[Result "1/2-1/2"]
[WhiteElo "2344"]
[BlackElo "2594"]
[Annotator "ChessBase"]
[PlyCount "89"]
[EventDate "2019.08.02"]
[EventType "swiss"]
[EventCountry "UAE"]
[SourceTitle "playchess.com"]
[Source "ChessBase"]
[SourceQuality "1"]
[TimeControl "5400+30"]

1. e4 {[%emt 0:02:13]} e6 {[%emt 0:00:00]} 2. d4 {[%emt 0:00:05]} d5 {[%emt 0:00:00]} 3. Nc3 {[%emt 0:00:04]} Nf6 {[%emt 0:00:00]} 4. e5 {[%emt 0:00:05]} Nfd7 {[%emt 0:00:00]} 5. f4 {[%emt 0:00:04]} c5 {[%emt 0:00:00]} 6. Nf3 {[%emt 0:00:03]} a6 {[%emt 0:00:03]} 7. Be3 {[%emt 0:00:23]} Qb6 {[%emt 0:00:06]} 8. Na4 {[%emt 0:05:51]} Qa5+ {[%emt 0:00:18]} 9. c3 {[%emt 0:00:10]} cxd4 {[%emt 0:00:08]} 10. b4 {[%emt 0:00:16]} Qc7 {[%emt 0:00:06]} 11. Qxd4 {[%emt 0:02:44]} b5 {[%emt 0:00:08]} 12. Nb2 {[%emt 0:00:07]} f6 {[%emt 0:00:04]} 13. exf6 {[%emt 0:02:24]} Nxf6 {[%emt 0:00:06]} 14. Ne5 {[%emt 0:14:01]} Nc6 {[%emt 0:02:17]} 15. Nxc6 {[%emt 0:09:52]} Qxc6 {[%emt 0:00:28]} 16. Be2 {[%emt 0:00:05]} Bd6 {[%emt 0:01:46]} 17. O-O {[%emt 0:01:31]} O-O {[%emt 0:00:11]} 18. a4 {[%emt 0:03:37]} Ne4 {[%emt 0:06:41]} 19. Ra3 {[%emt 0:10:25]} Bd7 {[%emt 0:05:52]} 20. Bf3 {[%emt 0:08:46]} Qc7 {[%emt 0:11:09]} 21. Bxe4 {[%emt 0:17:42]} dxe4 {[%emt 0:00:35]} 22. axb5 {[%emt 0:01:10]} Bxb5 {[%emt 0:01:02]} 23. c4 {[%emt 0:01:04]} Bc6 {[%emt 0:00:26]} 24. c5 {[%emt 0:01:42]} Bxf4 {[%emt 0:01:10]} 25. Bxf4 {[%emt 0:01:50]} Rxf4 {[%emt 0:00:07]} 26. Rd1 {[%emt 0:00:43]} Qf7 {[%emt 0:07:09]} 27. Rg3 {[%emt 0:08:19]} Rf8 {[%emt 0:00:32]} 28. h3 {[%emt 0:00:31]} Bd5 {[%emt 0:00:58]} 29. Na4 {[%emt 0:02:17]} h5 {[%emt 0:01:15]} 30. Nc3 {[%emt 0:02:28]} Ba8 {[%emt 0:05:44]} 31. Qe3 {[%emt 0:01:15]} h4 {[%emt 0:03:20]} 32. Rg4 {[%emt 0:00:39]} Rxg4 {[%emt 0:02:25]} 33. hxg4 {[%emt 0:00:02]} Qg6 {[%emt 0:02:22]} 34. g5 {[%emt 0:00:45]} Qf5 {[%emt 0:00:26]} 35. Rd4 {[%emt 0:03:26]} Kh8 {[%emt 0:02:26]} 36. Rd2 {[%emt 0:00:42]} Qg4 {[%emt 0:01:13]} 37. Rf2 {[%emt 0:00:34]} Rf3 {[%emt 0:00:43]} 38. Qd4 {[%emt 0:00:30]} h3 {[%emt 0:01:31]} 39. g6 {[%emt 0:00:32]} Qxg6 {[%emt 0:12:13]} 40. Qd8+ {[%emt 0:00:01]} Kh7 {[%emt 0:00:09]} 41. Qh4+ {[%emt 0:00:04]} Kg8 {[%emt 0:00:07]} 42. Qd8+ {[%emt 0:00:04]} Kf7 {[%emt 0:02:55]} 43. Qd7+ {[%emt 0:00:29]} Kg8 {[%emt 0:04:15]} 44. Qd8+ {[%emt 0:00:02]} Kf7 {[%emt 0:00:13]} 45. Qd7+ {[%emt 0:00:02]} 1/2-1/2

[Event "26th Abu Dhabi Master 2019"]
[Site "Abu Dhabi"]
[Date "2019.08.03"]
[Round "2.18"]
[White "Jobava, Baadur"]
[Black "Agmanov, Zhandos"]
[Result "1-0"]
[WhiteElo "2594"]
[BlackElo "2402"]
[Annotator "ChessBase"]
[PlyCount "63"]
[EventDate "2019.08.02"]
[EventType "swiss"]
[EventCountry "UAE"]
[SourceTitle "playchess.com"]
[Source "ChessBase"]
[SourceQuality "1"]
[TimeControl "5400+30"]

1. d4 {[%emt 0:05:07]} Nf6 {[%emt 0:00:19]} 2. c4 {[%emt 0:00:13]} e6 {[%emt 0:00:14]} 3. Nc3 {[%emt 0:00:10]} Bb4 {[%emt 0:00:45]} 4. e3 {[%emt 0:00:08]} d5 {[%emt 0:00:21]} 5. cxd5 {[%emt 0:00:08]} exd5 {[%emt 0:00:18]} 6. Bd3 {[%emt 0:00:06]} O-O {[%emt 0:03:39]} 7. Nge2 {[%emt 0:00:06]} Re8 {[%emt 0:04:22]} 8. Bd2 {[%emt 0:03:15]} Bd6 {[%emt 0:02:36]} 9. Rc1 {[%emt 0:02:28]} c6 {[%emt 0:01:06]} 10. f3 {[%emt 0:00:42]} Nh5 {[%emt 0:08:07]} 11. Kf2 {[%emt 0:05:42]} f5 {[%emt 0:20:02]} 12. h4 {[%emt 0:13:58]} Be6 {[%emt 0:11:39]} 13. Qb3 {[%emt 0:02:03]} b6 {[%emt 0:01:10]} 14. Qa4 {[%emt 0:01:07]} a6 {[%emt 0:05:05]} 15. Qc2 {[%emt 0:02:11]} g6 {[%emt 0:07:51]} 16. Na4 {[%emt 0:04:01]} a5 {[%emt 0:01:39]} 17. Qb3 {[%emt 0:04:25]} Bc7 {[%emt 0:00:07]} 18. g3 {[%emt 0:00:46]} Bf7 {[%emt 0:07:34]} 19. Nf4 {[%emt 0:06:43]} Nxf4 {[%emt 0:00:48]} 20. gxf4 {[%emt 0:00:04]} h5 {[%emt 0:00:43]} 21. Qc2 {[%emt 0:00:53]} Qf6 {[%emt 0:01:14]} 22. Nc3 {[%emt 0:05:20]} Bd6 {[%emt 0:02:33]} 23. Rcg1 {[%emt 0:00:21]} Kh7 {[%emt 0:01:07]} 24. Rg5 {[%emt 0:00:50]} Be6 {[%emt 0:00:42]} 25. Rhg1 {[%emt 0:01:22]} Rg8 {[%emt 0:00:41]} 26. e4 {[%emt 0:03:37]} Bxf4 {[%emt 0:05:54]} 27. e5 {[%emt 0:02:10]} Bxe5 {[%emt 0:00:17]} 28. dxe5 {[%emt 0:00:06]} Qxe5 {[%emt 0:00:03]} 29. Ne2 {[%emt 0:00:38]} Qh2+ {[%emt 0:01:10]} 30. R1g2 {[%emt 0:00:06]} Qxh4+ {[%emt 0:00:06]} 31. Kg1 {[%emt 0:00:04]} Nd7 {[%emt 0:02:22]} 32. Rh2 {[%emt 0:00:20]} 1-0

[Event "26th Abu Dhabi Master 2019"]
[Site "Abu Dhabi"]
[Date "2019.08.03"]
[Round "2.19"]
[White "Ni, Shiqun"]
[Black "Idani, Pouya"]
[Result "0-1"]
[WhiteElo "2407"]
[BlackElo "2595"]
[Annotator "ChessBase"]
[PlyCount "58"]
[EventDate "2019.08.02"]
[EventType "swiss"]
[EventCountry "UAE"]
[SourceTitle "playchess.com"]
[Source "ChessBase"]
[SourceQuality "1"]
[TimeControl "5400+30"]

1. e4 {[%emt 0:06:12]} g6 {[%emt 0:00:00]} 2. d4 {[%emt 0:00:14]} Bg7 {[%emt 0:00:00]} 3. Nf3 {[%emt 0:00:49]} d6 {[%emt 0:00:00]} 4. Nc3 {[%emt 0:00:06]} a6 {[%emt 0:00:00]} 5. Be2 {[%emt 0:00:09]} Nf6 {[%emt 0:00:00]} 6. O-O {[%emt 0:01:26]} O-O {[%emt 0:00:04]} 7. Re1 {[%emt 0:10:28]} Nc6 {[%emt 0:00:09]} 8. d5 {[%emt 0:00:07]} Nb8 {[%emt 0:00:37]} 9. a4 {[%emt 0:01:12]} e5 {[%emt 0:00:12]} 10. dxe6 {[%emt 0:00:06]} Bxe6 {[%emt 0:00:06]} 11. Nd4 {[%emt 0:01:35]} Nc6 {[%emt 0:00:39]} 12. Nxe6 {[%emt 0:01:57]} fxe6 {[%emt 0:00:31]} 13. Bc4 {[%emt 0:06:07]} Qe7 {[%emt 0:04:51]} 14. Be3 {[%emt 0:08:33]} Ne5 {[%emt 0:11:14]} 15. Be2 {[%emt 0:00:05]} c5 {[%emt 0:00:04]} 16. h3 {[%emt 0:01:31]} Nfd7 {[%emt 0:07:08]} 17. Qb1 {[%emt 0:03:13]} Nc6 {[%emt 0:00:27]} 18. Qa2 {[%emt 0:03:15]} Bd4 {[%emt 0:02:19]} 19. Bc4 {[%emt 0:01:51]} Rae8 {[%emt 0:00:56]} 20. Rad1 {[%emt 0:06:13]} Nde5 {[%emt 0:01:10]} 21. Rd2 {[%emt 0:01:59]} Bxe3 {[%emt 0:06:44]} 22. Rxe3 {[%emt 0:00:04]} Kh8 {[%emt 0:00:43]} 23. Nd1 {[%emt 0:07:39]} Rf4 {[%emt 0:19:13]} 24. c3 {[%emt 0:00:51]} d5 {[%emt 0:01:26]} 25. Bxd5 {[%emt 0:27:03]} exd5 {[%emt 0:00:47]} 26. exd5 {[%emt 0:00:03]} Qd6 {[%emt 0:04:43]} 27. Rde2 {[%emt 0:05:37]} Na5 {[%emt 0:07:42]} 28. g3 {[%emt 0:00:57]} Rf3 {[%emt 0:00:21]} 29. Re4 Rd3 0-1

[Event "26th Abu Dhabi Master 2019"]
[Site "Abu Dhabi"]
[Date "2019.08.03"]
[Round "2.20"]
[White "Yakubboev, Nodirbek"]
[Black "Divya Deshmukh"]
[Result "1-0"]
[WhiteElo "2575"]
[BlackElo "2373"]
[Annotator "TA"]
[PlyCount "87"]
[EventDate "2019.08.02"]
[EventType "swiss"]
[EventCountry "UAE"]
[SourceTitle "playchess.com"]
[Source "ChessBase"]
[SourceQuality "1"]

{[%evp 20,87,18,29,39,45,64,57,64,59,65,64,66,60,51,58,82,61,134,119,112,77,99,108,192,196,289,294,291,281,287,215,294,285,376,375,377,359,352,349,443,450,416,398,383,339,393,413,382,400,475,455,572,582,534,447,926,941,968,1028,1213,1180,1407,1352,1424,1317,3383,2559,29976,29977]} 1. Nf3 Nf6 2. c4 g6 3. Nc3 d5 4. cxd5 Nxd5 5. e4 Nxc3 6. dxc3 Qxd1+ 7. Kxd1 f6 8. Be3 e5 9. Nd2 Be6 10. Bc4 Bxc4 11. Nxc4 Nd7 {A16: English Opening: 1...Nf6 with ...d5} 12. b4 b5 13. Na5 $1 {[#]} Nb6 $146 {White is slightly better.} ({Predecessor:} 13... c5 14. Rb1 a6 15. Ke2 Rc8 16. Rhc1 Kf7 17. c4 cxb4 18. cxb5 Rxc1 19. Rxc1 axb5 {½-½ (34) Shulman,Y (2542)-Negi,P (2634) Arlington 2013}) 14. Kc2 Bd6 15. Rhd1 Kf7 16. Kb3 Ke6 17. Rd3 f5 18. f3 f4 (18... fxe4 $14 19. fxe4 Rhd8) 19. Bf2 $16 g5 20. Nc6 Rhc8 21. Rad1 Bf8 (21... g4 $16 {is a better defense.}) 22. h4 $18 gxh4 {[#]} (22... h6 $142 23. hxg5 hxg5) 23. Nd8+ $1 ({Worse is} 23. Bxh4 Bd6 $14) 23... Kf6 24. Bxh4+ Kg6 25. Nc6 Re8 26. Rd8 Nc4 27. Rxe8 Rxe8 28. Nxa7 Ne3 29. Rg1 c5 30. Nxb5 Kf7 31. g4 Re6 32. g5 cxb4 33. cxb4 Rc6 34. Bf2 Nc4 {next ...Nd2+ is good for Black.} 35. Rd1 Be7 36. a4 Ne3 37. Rd3 Nc2 (37... Bxg5 $142 38. Rd7+ Ke6 39. Rxh7 Rc1) 38. Bc5 Bxc5 39. bxc5 {KRN-KRN} ({Not} 39. Kxc2 Bxb4+ 40. Kb3 Be7 $18) 39... Ne1 40. Rc3 Kg6 41. Kc4 Ra6 42. Kd5 Ng2 43. c6 Ne3+ 44. Kxe5 {Accuracy: White = 91%, Black = 26%.} 1-0

[Event "26th Abu Dhabi Master 2019"]
[Site "Abu Dhabi"]
[Date "2019.08.03"]
[Round "2.21"]
[White "Soumya, Swaminathan"]
[Black "Aleksandrov, Aleksej"]
[Result "0-1"]
[WhiteElo "2402"]
[BlackElo "2571"]
[Annotator "ChessBase"]
[PlyCount "114"]
[EventDate "2019.08.02"]
[EventType "swiss"]
[EventCountry "UAE"]
[SourceTitle "playchess.com"]
[Source "ChessBase"]
[SourceQuality "1"]
[TimeControl "5400+30"]

1. e4 {[%emt 0:09:26]} e5 {[%emt 0:00:00]} 2. Nf3 {[%emt 0:00:24]} Nc6 {[%emt 0:00:00]} 3. Bb5 {[%emt 0:00:09]} a6 {[%emt 0:00:00]} 4. Ba4 {[%emt 0:00:04]} Nf6 {[%emt 0:00:00]} 5. O-O {[%emt 0:00:08]} Be7 {[%emt 0:00:00]} 6. d3 {[%emt 0:00:17]} b5 {[%emt 0:04:06]} 7. Bb3 {[%emt 0:00:03]} d6 {[%emt 0:00:04]} 8. c3 {[%emt 0:01:25]} O-O {[%emt 0:01:04]} 9. Re1 {[%emt 0:00:15]} h6 {[%emt 0:13:38]} 10. Nbd2 {[%emt 0:03:34]} Re8 {[%emt 0:00:04]} 11. a4 {[%emt 0:13:31]} Bd7 {[%emt 0:02:37]} 12. Bc2 {[%emt 0:01:40]} Bf8 {[%emt 0:08:22]} 13. Nf1 {[%emt 0:07:45]} b4 {[%emt 0:01:45]} 14. Ne3 {[%emt 0:01:48]} a5 {[%emt 0:11:54]} 15. h3 {[%emt 0:03:09]} bxc3 {[%emt 0:05:09]} 16. bxc3 {[%emt 0:00:03]} Be6 {[%emt 0:01:28]} 17. Bd2 {[%emt 0:13:01]} Rb8 {[%emt 0:00:47]} 18. d4 {[%emt 0:04:24]} exd4 {[%emt 0:00:14]} 19. Nxd4 {[%emt 0:00:04]} Bd7 {[%emt 0:00:13]} 20. Nc4 {[%emt 0:03:01]} Ne5 {[%emt 0:00:15]} 21. Nxe5 {[%emt 0:01:26]} dxe5 {[%emt 0:00:07]} 22. Nb3 {[%emt 0:01:16]} Be6 {[%emt 0:02:54]} 23. Nxa5 {[%emt 0:01:36]} Qd6 {[%emt 0:00:08]} 24. Be3 {[%emt 0:16:25]} Qa6 {[%emt 0:08:49]} 25. Nb3 {[%emt 0:00:15]} Red8 {[%emt 0:05:13]} 26. Nd2 {[%emt 0:02:18]} Qa5 {[%emt 0:00:18]} 27. Rb1 {[%emt 0:06:08]} Qxc3 {[%emt 0:03:19]} 28. Rxb8 {[%emt 0:00:03]} Rxb8 {[%emt 0:00:02]} 29. Nf3 {[%emt 0:04:07]} Rb2 {[%emt 0:04:13]} 30. Bd3 {[%emt 0:00:40]} Ra2 {[%emt 0:00:31]} 31. Bb1 {[%emt 0:01:46]} Ra1 {[%emt 0:00:34]} 32. Qd8 {[%emt 0:01:58]} Nd7 {[%emt 0:01:40]} 33. Kh2 {[%emt 0:02:16]} c6 {[%emt 0:06:09]} 34. Bd2 {[%emt 0:00:25]} Qb2 {[%emt 0:03:28]} 35. Bd3 {[%emt 0:01:24]} Rxa4 {[%emt 0:00:09]} 36. Rb1 {[%emt 0:00:29]} Qa3 {[%emt 0:00:09]} 37. Bc2 {[%emt 0:00:32]} Ra8 {[%emt 0:01:13]} 38. Qh4 {[%emt 0:01:03]} Qe7 {[%emt 0:07:31]} 39. Qg3 {[%emt 0:00:14]} Qf6 {[%emt 0:00:07]} 40. Bc3 {[%emt 0:00:31]} Ra3 {[%emt 0:02:28]} 41. Bb2 {[%emt 0:00:29]} Ra2 {[%emt 0:00:03]} 42. Nd2 {[%emt 0:00:56]} Bc5 {[%emt 0:01:05]} 43. Kg1 {[%emt 0:00:12]} g5 {[%emt 0:03:13]} 44. Bd3 {[%emt 0:00:30]} Ra4 {[%emt 0:02:01]} 45. Bc2 {[%emt 0:00:43]} Rb4 {[%emt 0:00:32]} 46. Bc3 {[%emt 0:00:34]} Rxb1+ {[%emt 0:00:08]} 47. Bxb1 {[%emt 0:00:11]} Qf4 {[%emt 0:01:16]} 48. Qxf4 {[%emt 0:00:07]} gxf4 {[%emt 0:00:21]} 49. Nf3 {[%emt 0:00:14]} f6 {[%emt 0:00:09]} 50. Bc2 {[%emt 0:00:49]} Nb6 {[%emt 0:00:56]} 51. Kf1 {[%emt 0:00:43]} Kf7 {[%emt 0:00:07]} 52. Ke1 {[%emt 0:00:25]} Ke7 {[%emt 0:00:28]} 53. Bd1 {[%emt 0:00:54]} Nc4 {[%emt 0:01:15]} 54. Ba4 {[%emt 0:00:21]} Kd7 {[%emt 0:00:05]} 55. Bb3 {[%emt 0:00:39]} Nd6 {[%emt 0:00:04]} 56. Bc2 {[%emt 0:00:26]} Bb6 {[%emt 0:01:42]} 57. Ba4 {[%emt 0:00:39]} Nxe4 0-1

[Event "26th Abu Dhabi Master 2019"]
[Site "Abu Dhabi"]
[Date "2019.08.03"]
[Round "2.22"]
[White "Yuffa, Daniil"]
[Black "Mullick, Raahil"]
[Result "1-0"]
[WhiteElo "2582"]
[BlackElo "2211"]
[Annotator "ChessBase"]
[PlyCount "65"]
[EventDate "2019.08.02"]
[EventType "swiss"]
[EventCountry "UAE"]
[SourceTitle "playchess.com"]
[Source "ChessBase"]
[SourceQuality "1"]
[TimeControl "5400+30"]

1. d4 {[%emt 0:05:02]} d5 {[%emt 0:00:00]} 2. c4 {[%emt 0:00:12]} c6 {[%emt 0:00:00]} 3. Nf3 {[%emt 0:00:07]} Nf6 {[%emt 0:00:00]} 4. e3 {[%emt 0:00:06]} Bf5 {[%emt 0:00:00]} 5. Nc3 {[%emt 0:00:20]} e6 {[%emt 0:00:00]} 6. Nh4 {[%emt 0:00:07]} Be4 {[%emt 0:00:00]} 7. f3 {[%emt 0:00:14]} Bg6 {[%emt 0:00:00]} 8. Qb3 {[%emt 0:00:07]} Qc7 {[%emt 0:00:02]} 9. Bd2 {[%emt 0:00:08]} Be7 {[%emt 0:00:05]} 10. g3 {[%emt 0:00:05]} Nbd7 {[%emt 0:00:37]} 11. cxd5 {[%emt 0:00:17]} exd5 {[%emt 0:00:19]} 12. Nxg6 {[%emt 0:00:11]} hxg6 {[%emt 0:00:08]} 13. O-O-O {[%emt 0:00:06]} b5 {[%emt 0:08:37]} 14. Kb1 {[%emt 0:01:01]} Nb6 {[%emt 0:02:01]} 15. Qc2 {[%emt 0:06:17]} Nc4 {[%emt 0:11:06]} 16. Bc1 {[%emt 0:00:51]} Qd7 {[%emt 0:11:25]} 17. e4 {[%emt 0:06:09]} O-O {[%emt 0:05:27]} 18. e5 {[%emt 0:02:00]} Ne8 {[%emt 0:07:10]} 19. h4 {[%emt 0:01:28]} b4 {[%emt 0:07:00]} 20. Na4 {[%emt 0:10:12]} Nc7 {[%emt 0:11:50]} 21. h5 {[%emt 0:02:43]} gxh5 {[%emt 0:04:48]} 22. Rxh5 {[%emt 0:00:57]} g6 {[%emt 0:01:51]} 23. Rh6 {[%emt 0:00:26]} Kg7 {[%emt 0:01:16]} 24. Bd3 {[%emt 0:03:28]} Rg8 {[%emt 0:07:51]} 25. Bxg6 {[%emt 0:01:16]} fxg6 {[%emt 0:00:15]} 26. Rxg6+ {[%emt 0:00:18]} Kf7 {[%emt 0:01:16]} 27. e6+ {[%emt 0:00:10]} Qxe6 {[%emt 0:01:07]} 28. Rxe6 {[%emt 0:00:08]} Nxe6 {[%emt 0:00:03]} 29. Qf5+ {[%emt 0:01:31]} Bf6 {[%emt 0:00:06]} 30. g4 {[%emt 0:03:34]} Nd6 {[%emt 0:00:49]} 31. Qh5+ {[%emt 0:00:30]} Ke7 {[%emt 0:01:12]} 32. Re1 {[%emt 0:01:25]} Rh8 {[%emt 0:00:04]} 33. Bh6 {[%emt 0:01:47]} 1-0

[Event "26th Abu Dhabi Master 2019"]
[Site "Abu Dhabi"]
[Date "2019.08.03"]
[Round "2.23"]
[White "Viani Antonio Dcunha"]
[Black "Santos Ruiz, Miguel"]
[Result "1/2-1/2"]
[WhiteElo "2371"]
[BlackElo "2567"]
[Annotator "ChessBase"]
[PlyCount "135"]
[EventDate "2019.08.02"]
[EventType "swiss"]
[EventCountry "UAE"]
[SourceTitle "playchess.com"]
[Source "ChessBase"]
[SourceQuality "1"]
[TimeControl "5400+30"]

1. e4 {[%emt 0:02:08]} c5 {[%emt 0:00:00]} 2. Nf3 {[%emt 0:00:08]} d6 {[%emt 0:00:00]} 3. d4 {[%emt 0:00:19]} cxd4 {[%emt 0:00:00]} 4. Nxd4 {[%emt 0:00:08]} Nf6 {[%emt 0:00:00]} 5. Nc3 {[%emt 0:00:12]} a6 {[%emt 0:00:00]} 6. Be2 {[%emt 0:00:24]} e5 {[%emt 0:00:12]} 7. Nb3 {[%emt 0:00:11]} Be7 {[%emt 0:00:07]} 8. O-O {[%emt 0:00:10]} O-O {[%emt 0:00:10]} 9. Kh1 {[%emt 0:01:53]} Re8 {[%emt 0:00:08]} 10. a4 {[%emt 0:06:07]} Nc6 {[%emt 0:03:40]} 11. f4 {[%emt 0:01:39]} exf4 {[%emt 0:15:07]} 12. Bxf4 {[%emt 0:00:58]} Ne5 {[%emt 0:00:51]} 13. Nd4 {[%emt 0:04:33]} Qc7 {[%emt 0:11:30]} 14. Bg5 {[%emt 0:09:06]} Be6 {[%emt 0:04:49]} 15. Nf5 {[%emt 0:15:01]} Bxf5 {[%emt 0:00:30]} 16. Rxf5 {[%emt 0:00:14]} Qc5 {[%emt 0:09:37]} 17. Qd2 {[%emt 0:06:08]} Nfd7 {[%emt 0:04:33]} 18. Be3 {[%emt 0:05:26]} Qc6 {[%emt 0:03:06]} 19. Raf1 {[%emt 0:04:59]} Bf8 {[%emt 0:04:17]} 20. Bd4 {[%emt 0:07:16]} g6 {[%emt 0:03:14]} 21. R5f2 {[%emt 0:00:59]} Rac8 {[%emt 0:02:39]} 22. Bd3 {[%emt 0:07:12]} Bg7 {[%emt 0:03:05]} 23. Nd5 {[%emt 0:03:11]} Re6 {[%emt 0:08:47]} 24. Nf4 {[%emt 0:08:06]} Rf6 {[%emt 0:04:12]} 25. Nd5 {[%emt 0:00:54]} Rxf2 {[%emt 0:01:44]} 26. Qxf2 {[%emt 0:00:18]} Re8 {[%emt 0:00:23]} 27. b3 {[%emt 0:05:51]} Qc8 {[%emt 0:01:37]} 28. Ne3 {[%emt 0:03:37]} Re6 {[%emt 0:04:17]} 29. Ng4 {[%emt 0:00:26]} Qf8 {[%emt 0:05:26]} 30. Nxe5 {[%emt 0:00:43]} Bxe5 {[%emt 0:00:52]} 31. Be3 {[%emt 0:01:56]} Rf6 {[%emt 0:01:02]} 32. Qe2 {[%emt 0:00:44]} Rxf1+ {[%emt 0:04:01]} 33. Qxf1 {[%emt 0:00:05]} Nf6 {[%emt 0:00:00]} 34. Qf3 {[%emt 0:01:53]} Qe8 {[%emt 0:00:00]} 35. g3 {[%emt 0:01:11]} Qc6 {[%emt 0:00:30]} 36. Bg5 {[%emt 0:00:28]} Kg7 {[%emt 0:00:12]} 37. Bxf6+ {[%emt 0:01:10]} Bxf6 {[%emt 0:00:06]} 38. Bc4 {[%emt 0:00:19]} b5 {[%emt 0:00:13]} 39. axb5 {[%emt 0:00:07]} axb5 {[%emt 0:00:02]} 40. Bd3 {[%emt 0:00:11]} Qc3 {[%emt 0:00:45]} 41. Kg2 {[%emt 0:00:44]} b4 {[%emt 0:00:41]} 42. Qe2 {[%emt 0:00:11]} Bd4 {[%emt 0:00:29]} 43. Bc4 {[%emt 0:01:18]} Bc5 {[%emt 0:01:43]} 44. Qd3 {[%emt 0:00:49]} Qe1 {[%emt 0:00:13]} 45. Qf3 {[%emt 0:00:28]} f6 {[%emt 0:00:18]} 46. Qe2 {[%emt 0:01:43]} Qg1+ {[%emt 0:00:21]} 47. Kh3 {[%emt 0:00:06]} h5 {[%emt 0:00:11]} 48. Qf1 {[%emt 0:00:47]} Qe3 {[%emt 0:00:16]} 49. Qd3 {[%emt 0:00:26]} Qe1 {[%emt 0:01:38]} 50. Qe2 {[%emt 0:01:00]} Qc1 {[%emt 0:00:06]} 51. Bd3 {[%emt 0:00:25]} Bd4 {[%emt 0:00:33]} 52. Qf1 {[%emt 0:00:21]} Qg5 {[%emt 0:00:08]} 53. Qf4 {[%emt 0:00:36]} Qc5 {[%emt 0:00:04]} 54. Kg2 {[%emt 0:00:31]} Be5 {[%emt 0:00:43]} 55. Qf2 {[%emt 0:00:10]} Bd4 {[%emt 0:00:27]} 56. Qf4 {[%emt 0:00:02]} Be3 {[%emt 0:00:06]} 57. Qf3 {[%emt 0:00:09]} Qd4 {[%emt 0:00:13]} 58. Qe2 {[%emt 0:00:38]} Qa7 {[%emt 0:00:22]} 59. Bc4 {[%emt 0:00:11]} Bc5 {[%emt 0:00:10]} 60. Qd1 {[%emt 0:00:33]} Qa2 {[%emt 0:00:18]} 61. Kh3 {[%emt 0:00:24]} Qb2 {[%emt 0:01:00]} 62. Qd5 {[%emt 0:01:04]} Qxc2 {[%emt 0:00:11]} 63. Qf7+ {[%emt 0:00:24]} Kh6 {[%emt 0:00:03]} 64. Qxf6 {[%emt 0:00:12]} Qxe4 {[%emt 0:00:43]} 65. Qh8+ {[%emt 0:00:23]} Kg5 {[%emt 0:00:03]} 66. Qd8+ {[%emt 0:00:07]} Kh6 {[%emt 0:00:48]} 67. Qh8+ {[%emt 0:00:07]} Kg5 {[%emt 0:00:02]} 68. Qd8+ {[%emt 0:00:06]} 1/2-1/2